Type Specimens Of Birds In The Unital States (Record no. 592577)

MARC details
000 -LEADER
fixed length control field 00451nam a2200145Ia 4500
008 - FIXED-LENGTH DATA ELEMENTS--GENERAL INFORMATION
fixed length control field 100415s9999 xx 000 0 und d
082 ## - DEWEY DECIMAL CLASSIFICATION NUMBER
Item number 9641
Classification number 598.2(70)
100 ## - MAIN ENTRY--PERSONAL NAME
Personal name Deignan, Herbert,G
245 ## - TITLE STATEMENT
Title Type Specimens Of Birds In The Unital States
260 ## - PUBLICATION, DISTRIBUTION, ETC. (IMPRINT)
Place of publication, distribution, etc DELHI
Date of publication, distribution, etc 1961
Name of publisher, distributor, etc SMITHONIAN INSTITUTION
365 ## - TRADE PRICE
Price amount 0
630 ## - SUBJECT ADDED ENTRY--UNIFORM TITLE
Uniform title Type Specimens Of Birds In The Unital States
730 ## - ADDED ENTRY--UNIFORM TITLE
Uniform title Type Specimens Of Birds In The Unital States
942 ## - ADDED ENTRY ELEMENTS (KOHA)
Koha item type Book
Holdings
Withdrawn status Lost status Damaged status Not for loan Home library Current library Date acquired Cost, normal purchase price Total Checkouts Full call number Barcode Date last seen Price effective from Koha item type
        Bombay Natural History Society Bombay Natural History Society 05/01/1979 0.00   598.2(70) 9641 BNHS-9641 04/15/2010 04/15/2010 Book